000 00912nam0a22002531 4500
001 rc\2705252
005 20230522173057.0
035 _a(NLR Aleph) 006833354
090 _a6568604
_c6568604
100 _a20110915d1934 |||y0rusy50 ca
101 0 _arus
102 _aRU
105 _aae z |||||
200 1 _aТактика артиллерии
_fС. Михайлов
_gС пред. и прим. Н. М. Роговского
210 _aМосква
_cГос. воен. изд-во
_d1934
_eЛенинград
_gЛОЦТ им. К. Ворошилова
215 _aПереплет, 352 с., 1 вкл. л. схем.
_cчерт.
_d23х15 см.
700 1 _aМихайлов
_bС. Г.
_gСергей Гаврилович
702 1 _aРоговский
_bН. М.
_4080
_4212
801 0 _aRU
_bNLR
_gpsbo
801 1 _aRU
_bELAR
_2rusmarc
852 _aNLR
_j34-4/1629
942 _cBOOK
980 _aNB